<?xml version="1.0" encoding="UTF-8"?>
<marc:record xmlns:marc="http://www.loc.gov/MARC21/slim">
   <marc:leader>00000nam a2200000 a 4500</marc:leader>
   <marc:datafield ind1="1" ind2=" " tag="100">
      <marc:subfield code="a">Carrington Ashley</marc:subfield>
      <marc:subfield code="4">aut</marc:subfield>
      <marc:subfield code="e">Verfasser/-in</marc:subfield>
   </marc:datafield>
   <marc:datafield ind1="0" ind2="0" tag="245">
      <marc:subfield code="a">Jessica Unter dem Kreuz des Südens</marc:subfield>
   </marc:datafield>
   <marc:datafield ind1=" " ind2="1" tag="264">
      <marc:subfield code="b">Weltbild</marc:subfield>
      <marc:subfield code="c">2012</marc:subfield>
   </marc:datafield>
   <marc:datafield ind1="1" ind2=" " tag="520">
      <marc:subfield code="a">Band 7: Die große Australien-Saga geht weiter 
Jessicas Lebenswerk ist zerstört: ihre Farm Seven Hills, die sie unter vielfachen Entbehrungen und Gefahren aufgebaut hat, wurde niedergebrannt. Doch Jessica gehört nicht zu den Frauen, die aufgeben. Ihr Mut und Lebenswille geben ihr die Kraft, Seven Hills aus dem Nichts wieder erstehen zu lassen.</marc:subfield>
   </marc:datafield>
   <marc:datafield ind1=" " ind2=" " tag="020">
      <marc:subfield code="a">9783863650230</marc:subfield>
      <marc:subfield code="9">9783863650230</marc:subfield>
   </marc:datafield>
</marc:record>
